000 00592nam a2200181 4500
001 148219
003 ES-MaACL
005 20240412063009.0
007 t|
008 070214s1945 ag r ||||1| spa d
100 0 _aStanislavskiï, Konstantin Sergueevich,
_d1863-1938
_9107899
245 1 0 _aMi vida en el arte /
_cKonstantin Sergueevich Stanislavskiï ; traducción de N. Caplan.
260 _aBuenos Aires :
_bEd. Futuro,
_c1945.
300 _a327 p. :
_bil. ;
_c24 cm.
700 1 _aCaplan, N.
_934858
852 _aES-MaACL
_jD-6856
_bR.28737
999 _c148219
_d148219